000 00582nam a22002177a 4500
001 62380
003 UA-OsUOA
005 20211022224931.0
007 ta
008 20090821b un ||||| |||| 00| 0 ukr d
040 _aUA-OsUOA
_brus
_cUA-OsUOA
_dUA-OsUOA
041 _arus
080 _a94(47+57)
090 _a94(47+57)
_bА52
245 _aАлтай в годы Великой Отечественной войны
_cпод ред. Заруцкой Е. В.
260 _aМ.
_c1960
300 _a234 с.
650 7 _a94 Історія
_2UDC
942 _cBK
_2udc
955 _a2
999 _c348449
_d348449